Investment policy review: Dominican Republic (Record no. 48307)

MARC details
000 -LEADER
fixed length control field 00838nam a2200217 a 4500
003 - CONTROL NUMBER IDENTIFIER
control field CBULib
005 - DATE AND TIME OF LATEST TRANSACTION
control field 20240419081707.0
008 - FIXED-LENGTH DATA ELEMENTS--GENERAL INFORMATION
fixed length control field 090715s2009 ||||||||||||||||| || u
040 ## - CATALOGING SOURCE
Original cataloging agency LC
Language of cataloging CBUlib
Transcribing agency CBUlib
Modifying agency CBUlib
Description conventions rda
050 ## - LIBRARY OF CONGRESS CALL NUMBER
Classification number UNCTAD(02)
110 ## - MAIN ENTRY--CORPORATE NAME
Corporate name or jurisdiction name as entry element United Nations Conference on Trade and Development (UNCTAD)
245 10 - TITLE STATEMENT
Title Investment policy review: Dominican Republic
Statement of responsibility, etc. /by United Nations Conference on Trade and Development [UNCTAD]
260 ## - PUBLICATION, DISTRIBUTION, ETC.
Place of publication, distribution, etc. Geneva:
Name of publisher, distributor, etc. United Nations Conference on Trade and Development (UNCTAD)
Date of publication, distribution, etc. 2009
300 ## - PHYSICAL DESCRIPTION
Extent xiii, 116 Pages.: illustrations
350 ## - PRICE (NR) (BK AM CF MU VM SE) [OBSOLETE]
Price 0.00
650 ## - SUBJECT ADDED ENTRY--TOPICAL TERM
Topical term or geographic name entry element INVESTMENT POLICY--DOMINICAN REPUBLIC
650 #0 - SUBJECT ADDED ENTRY--TOPICAL TERM
Topical term or geographic name entry element INVESTMENT POLICY REVIEW
9 (RLIN) 2813
650 #0 - SUBJECT ADDED ENTRY--TOPICAL TERM
Topical term or geographic name entry element FOREIGN DIRECT INVESTMENT
9 (RLIN) 2735
942 ## - ADDED ENTRY ELEMENTS (KOHA)
Source of classification or shelving scheme
Koha item type INTERNATIONAL PUBLICATIONS
Suppress in OPAC No
Holdings
Withdrawn status Lost status Source of classification or shelving scheme Damaged status Not for loan Home library Current library Shelving location Date acquired Total Checkouts Full call number Barcode Date last seen Price effective from Koha item type
          CBU-MAIN LIBRARY, KITWE. CBU-MAIN LIBRARY, KITWE.   11/30/2022   UNCTAD(02) B1101 11/30/2022 11/30/2022 MONOGRAPH